Georges Chennevière

Uloženo v:
Podrobná bibliografie
Hlavní autor: Cuisenier, Andrè (Autor)
Médium: Kniha
Jazyk:francouzština
Vydáno: París Pierre Seghers 1969
Edice:Poetes d' aujourd' hui, 185
Témata:
Tagy: Přidat tag
Žádné tagy, Buďte první, kdo vytvoří štítek k tomuto záznamu!

MARC

LEADER 00000nam a2200000 a 4500
001 UCY5275
003 CL-VaPUC
008 950421e19690000FR |||||||||||||||||fre|d
082 0 4 |a 841.09  |b CUI  |2 21 
100 0 |a Cuisenier, Andrè  |e author  |9 333970 
245 1 0 |a Georges Chennevière 
300 |a 190 p 
942 |c BK 
945 |d 19950421 00:00:00  |a oaravena 
260 |a París  |b Pierre Seghers  |c 1969 
600 0 7 |a CHENNEVIERE, GEORGES  |2 CL-VaPUC  |9 333971 
650 0 |a Crítica e interpretación   |9 255042 
583 |a last modification  |c 19950421 00:00:00  |k Rodrigo Vera 
490 0 |a Poetes d' aujourd' hui, 185 
999 |c 232972  |d 232970 
952 |0 0  |1 0  |4 0  |6 841_090000000000000_CUI_1969  |7 0  |8 P  |9 237999  |a BIBART  |b BIBART  |d 2019-11-18  |i 3074749  |o 841.09 CUI 1969  |p 3074749  |r 2025-03-13  |w 2019-11-18  |y BK  |k ART